Регионална библиотека "Любен Каравелов" - Русе

Песни гатанки (Запис номер 349439)

MARC детайли
000 -Лидер
Контролно поле с фиксирана дължина nca a22 a 4500
003 - Код на организацията, давaща контролен номер
Контролно поле BLK
005 - Дата и час на последна редакция
Контролно поле 20200324163105.0
008 - Елементи от данни с фиксирана дължина
fixed length control field 180414c bul|r|ner|||| 00| c0bul d
010 ## - Наследен системен номер
LC control number NOT00001681001
040 ## - Източник на каталожния запис
Идентификатор на билиотеката - собственик на записа BLK
041 ## - Код за език
Код за езика на текст/звукозапис или на отделно заглавие Български
Код за езика КДБФ Български
080 ## - УДК
Текстов определител УДК Вокална музика
УДК код - определител по УДК 784
УДК - код + определител 784(497.2)
100 1# - Редна дума - Автор
Автор Петрова, Мара
Авторска отговорност първи автор
R(LIN) 388763
139 ## - Редно поле
Редна дума Песни гатанки
Авторски знак Пес - П 38
245 10 - Сведения за заглавието
Заглавие Песни гатанки
Подзаглавни данни [за 1 и 2 гласа]
Редно поле (дума) състав. и ред. Мара Петрова
257 ## - Страна на издаване
Страна на създаване/издаване България
260 ## - Област на издателските данни
9 (RLIN) 209548
Място на издаване, разпространение и проч. София
Име на издателя, разпространителя и проч. Наука и изкуство
Година на издаване 1971
300 ## - Физическа характеристика
Страници 40 с.
Размери/Мащаб 25 см
380 ## - Жанр
Жанр Изкуство
650 #7 - Допълнително описание по предмет – тема
9 (RLIN) 166108
Основно описание – тема или топоним Песни
653 #7 - Ключова дума – ненормативна
9 (RLIN) 183887
Ключова дума гатанки
773 ## - Описание на основна библиографска единица при аналитични записи (многотомни)
Host Biblionumber 304830
Host Itemnumber 656551
Редна дума на основното описание Петрова, Мара
Заглавие Библиотека "Хорова самодейност"
852 ## - Местоположение
Форматна сигнатура Цб М 1076
999 ## - СИСТЕМНИ КОНТРОЛНИ НОМЕРА
Koha biblionumber 349439
Koha biblioitemnumber 349439
942 ## - АРТИКУЛИ
Вид на библиотечния материал Нотни издания
Скрит в OPAC Не
Периодичен библиозапис Да
944 ## - СЪЗДАВАНЕ И РЕДАКЦИЯ на ЗАПИСА
Създаване/Редакция Създаване
Служител, извършил регистрацията/редакцията В.Т.
999 ## - СИСТЕМНИ КОНТРОЛНИ НОМЕРА
Koha biblioitemnumber 349439
999 ## - СИСТЕМНИ КОНТРОЛНИ НОМЕРА
Koha biblioitemnumber 304831
Наличности
Код за отписване Код за изгубен артикул Източник на класификационната схема Код за повреда Коз за рестрикции Код за отдаване Артикулен № Име на библиотеката - собственик Име на библиотеката, в която се намира в момента Статус (Текущо местоположение) Дата на вписване в системата Местоположение - отдел Цена в лева Инвентарен номер Систематично азбучна сигнатура Баркод Цена в евро Служебен тип на артикула
  Не е изгубен Universal Decimal Classification Не е повреден без рестрикции заемане за дома 756787 Регионална библиотека "Любен Каравелов" Русе Регионална библиотека "Любен Каравелов" Русе Отдел Изкуство - подръчен фонд 2020-03-26 Отдел Изкуство - подръчен фонд 0.75 105626 784/П 47 Г 120000105626 0.38 Нотни издания
  Не е изгубен Universal Decimal Classification Не е повреден само за читалня ползва се в читалня 763458 Регионална библиотека "Любен Каравелов" Русе Регионална библиотека "Любен Каравелов" Русе Хранилище 2020-04-22 Хранилище 0.80 106401 Цб М 1076 120000106401 0.41 Нотни издания
Vip Innovations Ltd, Rousse, Bulgaria 2025